عرض عادي
عرض مارك
- Papazoglou, M.,
مدخل إسم شخص
001 - رقم الضبط
- حقل الضبط: 8763
003 - معرف رقم الضبط
- حقل الضبط: OSt
005 - تاريخ ووقت أخر عملية
- حقل الضبط: 20111220163851.0
008 - عناصر بيانات ثابتة الطول
- حقل تحكم ثابت الطول: 111220|||a|||||| | ||| d
040 ## - مصدر الفهرسة
- هيئة الفهرسة الأصلية: OSt
- وكالة الكتابة: OSt
100 ## - مدخل -- أسم شخص
- إسم شخص: Papazoglou, M.,
- تواريخ مرتبطة بالاسم: 1953-
670 ## - بيانات المصدر موجوده
- الاستشهاد بالمصدر: Work cat.: (OSt)3702: Advances in object-oriented data modeling /, 2000.
